00414nam a22001457a 450000500170000000800410001702000150005804100130007308200130008610000130009924500410011226000570015330000320021065000260024220240620085903.0240620b |||||||| |||| 00| 0 eng d a040685159X aEnglish  a349 LAW  lEnglish  aThe All England Law Reports: Reprint aLondon: bButterworth and Co. Publishers Ltd,c1998  bxvii, 1024 pages; c25 cm.  aLegal practice bLaw